Strike at Pilkingtons (Record no. 224259)
[ view plain ]
| 000 -LEADER | |
|---|---|
| fixed length control field | 00599nam a22002177a 4500 |
| 005 - DATE AND TIME OF LATEST TRANSACTION | |
| control field | 20220728144751.0 |
| 008 - FIXED-LENGTH DATA ELEMENTS--GENERAL INFORMATION | |
| fixed length control field | 220728b ||||| |||| 00| 0 eng d |
| 040 ## - CATALOGING SOURCE | |
| Transcribing agency | AL |
| 041 ## - LANGUAGE CODE | |
| Language code of text/sound track or separate title | English |
| 082 ## - DEWEY DECIMAL CLASSIFICATION NUMBER | |
| Edition number | 23 |
| Classification number | 331.8928 |
| Item number | LANS |
| 100 ## - MAIN ENTRY--PERSONAL NAME | |
| Personal name | Tony Lane and others |
| 100 ## - MAIN ENTRY--PERSONAL NAME | |
| 9 (RLIN) | 53810 |
| 245 ## - TITLE STATEMENT | |
| Title | Strike at Pilkingtons |
| 260 ## - PUBLICATION, DISTRIBUTION, ETC. | |
| Place of publication, distribution, etc. | London |
| Name of publisher, distributor, etc. | William Collins sons and Co Ltd |
| Date of publication, distribution, etc. | 1971 |
| 300 ## - PHYSICAL DESCRIPTION | |
| Extent | 265 p. |
| Other physical details | PB |
| Dimensions | 18x11 cm. |
| 650 ## - SUBJECT ADDED ENTRY--TOPICAL TERM | |
| Topical term or geographic name entry element | Social |
| 9 (RLIN) | 53811 |
| 650 ## - SUBJECT ADDED ENTRY--TOPICAL TERM | |
| Topical term or geographic name entry element | Poltical Back ground |
| 9 (RLIN) | 53812 |
| 650 ## - SUBJECT ADDED ENTRY--TOPICAL TERM | |
| Source of heading or term | Economic |
| 700 ## - ADDED ENTRY--PERSONAL NAME | |
| Personal name | LANE (Tony) |
| 9 (RLIN) | 53813 |
| 700 ## - ADDED ENTRY--PERSONAL NAME | |
| Personal name | ROBERTS (Kenneth) |
| 9 (RLIN) | 53814 |
| 942 ## - ADDED ENTRY ELEMENTS (KOHA) | |
| Source of classification or shelving scheme | Dewey Decimal Classification |
| Koha item type | George Fernandes Collections |
| Withdrawn status | Lost status | Source of classification or shelving scheme | Damaged status | Not for loan | Collection code | Home library | Current library | Date acquired | Total Checkouts | Full call number | Barcode | Date last seen | Price effective from | Koha item type |
|---|---|---|---|---|---|---|---|---|---|---|---|---|---|---|
| Dewey Decimal Classification | Economics | St Aloysius Library | St Aloysius Library | 03/23/2013 | 331.8928 LANS | GF02340 | 07/28/2022 | 07/28/2022 | George Fernandes Collections |